1274 1196 1949 1583 1555 1600 1090 1186 1486 1662 1551 1620 1895 1706 1317 1630 1289 1959 1914 1157 1217 1134 1325 1137 1095 1042 1492 1127 1248 1438 1080 1158 1895 1607 1659 1276 1522 1183 1731 1658 1120 1474 1362 1998 1433 1177 1505 1884 1451 1206 1255 1987 1893 1624 1491 1450 1982 1222 1525 1954 1657 1472 1465 1560 1846 1026 1249 1879 1182 1766 1784 1284 1140 1107 1727 1623 1191 1546 1450 1573 1873 1397 1612 1264 1778 1468 1246 1325 1258 1052 1494 1370 1771 1341 1022 1516 1513 1017 1188 BCNSPRNW ULIB Ver.6.0+V

เปลี่ยนเป็นภาษาไทย

Change to English
 แสดงรายละเอียดบรรณานุกรม
  กลับหน้าหลัก

Brief Record : Get Marc (ISO 2709) : E-mail record : QR code < ปิดหน้าต่าง
LEADER : 00000nam 2200000uu 4500
001    13399121354
003     ULIB
008    121116s2549||||th 000 0 tha d
099    วจ.HM132^bม511ค
100 0  มาลี ภัตรสุพรรณาคาร และคนอื่นๆ
245 00 ความสัมพันธ์ระหว่างความยึดมั่นผู้พันต่อองค์กรกับความพึงพอใจในงานของอาจารย์วิทยาลัยพยาบาลเครือข่ายภาคเหนือตอนล่าง สังกัดสถาบันพระบรมราชชนก /^cมาลี ภัตรสุพรรณาคาร และคนอื่นๆ
260    นครสวรรค์:^bวิทยาลัยพยาบาลบรมราชชนนี สวรรค์ประชารักษ์ นครสวรรค์,^c2549
300    77 แผ่น
650  7 ความยึดมั่นผูกพัน^xวิจัย
650  7 ความพึงพอใจ^xวิจัย
945    ^p0^l0^i033106
945    ^p0^l0^i033105
995    เกษร
999    ^aใช้งานได้ทุกระบบ
รายการนี้ยังไม่มีแท็ก
คุณยังไม่ได้ล็อกอิน คุณสามารถมีกิจกรรมร่วมกับเว็บไซต์ได้ แต่ต้องล็อกอินก่อน ::
  ล็อกอิน

รายการสื่อสารสนเทศ

ลำดับที่ ประเภท เลขเรียก/บาร์โค้ด สถานที่ สถานะ
1. งานวิจัย
งานวิจัย
วจ.HM132 ม511ค ฉ.1 
  Barcode: 033106
ห้องสมุดวิทยาเขตสวรรค์ประชารักษ์
►วิจัย
บนชั้น
2. งานวิจัย
งานวิจัย
วจ.HM132 ม511ค ฉ.2 
  Barcode: 033105
ห้องสมุดวิทยาเขตสวรรค์ประชารักษ์
►วิจัย
บนชั้น

BibComment


ยังไม่เคยถูกคอมเมนท์

คอมเมนท์ทรัพยากรรายการนี้
  คอมเมนท์: ความสัมพันธ์ระหว่..


 Copyright 2026. Bcnsprnw @Library